Essentials of Obstetrics (Record no. 1463)

MARC details
000 -LEADER
Fixed length control field 00484nam a2200181Ia 4500
003 - CONTROL NUMBER IDENTIFIER
Control field IIN
005 - DATE AND TIME OF LATEST TRANSACTION
Control field 20240105122312.0
008 - FIXED-LENGTH DATA ELEMENTS--GENERAL INFORMATION
Fixed length control field 231217s9999 xx 000 0 und d
020 ## - INTERNATIONAL STANDARD BOOK NUMBER / ISBN
Price Rs.1395.00
International Standard Book Number 1904798179
040 ## - CATALOGING SOURCE
Original cataloging agency IIN
Language of cataloging English
082 ## - DEWEY DECIMAL CLASSIFICATION NUMBER
Classification number 618.2
Book Number ARU
100 1# - MAIN ENTRY--PERSONAL NAME
Personal name Arulkumaran, Subaratnam
245 1# - TITLE STATEMENT
Title Essentials of Obstetrics
Statement of responsibility Subaratnam Arulkumaran...[et al]
260 ## - IMPRINT
Name of publisher Jaypee
Place of publication New Delhi
Date of publication 2004
300 ## - PHYSICAL DESCRIPTION
Page / Vol. No xvii, 393p.
650 1# - SUBJECT ADDED ENTRY--TOPICAL TERM
Topical term Obstetrics
942 ## - ADDED ENTRY ELEMENTS (KOHA)
Koha item type Books
Holdings
Withdrawn status Lost status Damaged status Not for loan Collection code Home library Current library Date acquired Price Total Checkouts Call number Accession number Date last seen Price effective from Koha item type Date checked out
          IDEAL INSTITUTE OF NURSING IDEAL INSTITUTE OF NURSING 17/12/2023 1395.00   618.2 ARU 1457 17/12/2023 17/12/2023 Books  
          IDEAL INSTITUTE OF NURSING IDEAL INSTITUTE OF NURSING 17/12/2023 1395.00   618.2 ARU 1458 17/12/2023 17/12/2023 Books  
          IDEAL INSTITUTE OF NURSING IDEAL INSTITUTE OF NURSING 17/12/2023 1395.00 2 618.2 ARU 1459 04/02/2025 17/12/2023 Books 28/01/2025
© Ideal Institute Of Nursing, All rights reserved.         Powered by Koha